000 00802nam a2200229Ii 4500
003 JO-AjNU
008 230605s9999||||xx |||||||||||||| ||und||
017 _a2013/9/3320
020 _a978-9957-16-852-0
040 _aJO-AjNU
_bara
_erda
_cJO-AjNU
041 _aara
050 1 4 _aK845.2014
100 3 _a الفواعير ، علاء محمد ,
_eauthor
_950699
245 0 0 _aالعقود الإلكترونية: التراضي . التعبير عن الإرادة " دراسة مقارنة "
250 _aط1
264 3 1 _aعمان : دار الثقافة ، 2014
300 _a239ص
336 _atext
_btxt
_2rdacontent
337 _aunmediated
_bn
_2rdamedia
338 _avolume
_bnc
_2rdacarrier
650 4 _aالعقود -- الوئائق القانونية -- الإنترنت
_950700
999 _aA22349
_c25917
_d25917